000 00506nam a2200157Ia 4500
008 210323s9999||||xx |||||||||||||| ||und||
040 _cSTCPL
041 _hMAL
082 _a894.812
_bNAN-K
100 _aനാണുപിള്ള പന്നിശ്ശേരില്‍
245 0 _aKathakaliprakaram
_hകഥകളിപ്രകാരം
260 _aKottayam
_bNational Book Stall
_c1956
300 _a198
650 _aUral-Altaic, Paleosiberian, Dravidian LiteraturesMalayalam
942 _cBK
999 _c32517
_d32517